|
|
|
|
| LEADER |
00000nam a2200000 a 4500 |
| 001 |
vtls001329861 |
| 003 |
SK-MaSNL |
| 005 |
20260301235651.0 |
| 008 |
240313s1989 xr 0 cze |
| 020 |
|
|
|a 8020600450
|
| 035 |
|
|
|a SNK000282719
|
| 040 |
|
|
|a SNK
|b slo
|c SNK
|e AACR2
|
| 044 |
|
|
|a xr
|c CZ
|
| 080 |
|
|
|a 355.48:929 Alexander III. Veľký
|2 1981
|
| 100 |
0 |
|
|a Arrianus, Flavius,
|d 95-180
|4 aut
|9 61908
|
| 245 |
1 |
0 |
|a Tažení Alexandra Velikého
|c Arriános ; z řec. orig. přel. Jaromír Bělský ; il. Petr Urban
|
| 260 |
|
|
|a Praha
|b Naše vojsko
|c 1989
|
| 300 |
|
|
|a 261, [5] s.
|c 8°
|
| 500 |
|
|
|a Celkove 2. vyd.
|
| 600 |
0 |
7 |
|a Alexander Veľký,
|c macedónsky kráľ,
|d 356 pred Kr.-323 pred Kr.
|2 SNK
|9 163183
|
| 648 |
|
7 |
|a 334-323 pr. Kr.
|2 SNK
|9 633201
|
| 648 |
|
7 |
|a 4. stor. pr. Kr.
|2 SNK
|9 305532
|
| 650 |
0 |
7 |
|a vojenské výpravy
|2 SNK
|9 633202
|
| 919 |
|
|
|a 80-206-0045-0
|
| 958 |
|
|
|a OND
|
| 999 |
|
|
|c 976089
|d 978019
|
| 952 |
|
|
|t P60, <04>, [BOOK], {604}
|a SNK
|b SNK
|y VYP
|7 0
|p 17A0452407
|o snkIC 113383
|i snkKIP 849/90
|0 0
|1 0
|4 0
|d 1998-04-30
|l 0
|r 2005-01-02 00:00:00
|w 2026-02-24
|
| 952 |
|
|
|t P60, <04>, [BOOK], {604}
|a SNK
|b SNK
|y VYP
|7 0
|p 17A0190225
|o snkIC 113383 D1
|i snkKIP 850/90
|0 0
|1 1
|4 0
|d 1998-04-30
|l 0
|r 2005-01-02 00:00:00
|w 2026-02-24
|